Introduction to Mechanics/ (Record no. 177807)
[ view plain ]
| 000 -LEADER | |
|---|---|
| fixed length control field | 00663nam a22001817a 4500 |
| 005 - DATE AND TIME OF LATEST TRANSACTION | |
| control field | 20210304174349.0 |
| 010 ## - LCCN (DPL NO) | |
| LC control number | ENG-129148 |
| 020 ## - INTERNATIONAL STANDARD BOOK NUMBER | |
| Terms of availability | 850.00 |
| International Standard Book Number | 978-81-7371-981-3 |
| 035 ## - SYSTEM CONTROL NUMBER | |
| System control number | EN-112680 |
| 037 ## - SOURCE OF ACQUISITION | |
| Source of stock number/acquisition | DBAD/PUB |
| 082 ## - DEWEY DECIMAL CLASSIFICATION NUMBER | |
| Edition number | 2nd |
| Classification number | 531 |
| 100 ## - MAIN ENTRY--PERSONAL NAME | |
| Personal name | Verma, Mahendra |
| 245 ## - TITLE STATEMENT | |
| Title | Introduction to Mechanics/ |
| Statement of responsibility, etc | Mahendra Verma |
| 260 ## - PUBLICATION, DISTRIBUTION, ETC. (IMPRINT) | |
| Place of publication, distribution, etc | Hyderabad |
| Name of publisher, distributor, etc | Universities Press(India) Private Limited |
| Date of publication, distribution, etc | 2019 |
| 270 ## - ADDRESS | |
| Address | 3-6-747/1/A and 3-6-754/1, Himayatnagar, Hyderabad |
| City | Telangana |
| Postal code | 500029 |
| Electronic mail address | info@universitiespress.com |
| 300 ## - PHYSICAL DESCRIPTION | |
| Extent | 16+608p. |
| Dimensions | 24cm(pbk) |
| Other physical details | Including index, illustration and bibliographcal references |
| 942 ## - ADDED ENTRY ELEMENTS (KOHA) | |
| Source of classification or shelving scheme | Dewey Decimal Classification |
| Item type | English Books |
| Classification part | 531 |
| Call number suffix | VER |
| Withdrawn status | Lost status | Not for loan | Collection code | Home library | Current library | Date acquired | Source of acquisition | Cost, normal purchase price | Full call number | Barcode | Copy number | Cost, replacement price | Koha item type |
|---|---|---|---|---|---|---|---|---|---|---|---|---|---|
| Non-fiction | Shahdara Branch | Shahdara Branch | 04/03/2021 | DBAD/PUB | 850.00 | 531 VER | EN-112680 | 1 | 850.00 | English Books |
